F1 Winners: Bahrain Grand Prix - Statistics

General Stats
  • This quiz has been taken 2,123 times
    643 since last reset
  • The average score is 20 of 21
Answer Stats
Season Circuit Driver % Correct
2019 Bahrain International Circuit Lewis Hamilton
100%
2014 Bahrain International Circuit Lewis Hamilton
99%
2015 Bahrain International Circuit Lewis Hamilton
99%
2020 Bahrain International Circuit Lewis Hamilton
99%
2021 Bahrain International Circuit Lewis Hamilton
99%
2023 Bahrain International Circuit Max Verstappen
99%
2024 Bahrain International Circuit Max Verstappen
99%
2025 Bahrain International Circuit Oscar Piastri
98%
2012 Bahrain International Circuit Sebastian Vettel
98%
2013 Bahrain International Circuit Sebastian Vettel
98%
2017 Bahrain International Circuit Sebastian Vettel
98%
2018 Bahrain International Circuit Sebastian Vettel
98%
2005 Bahrain International Circuit Fernando Alonso
97%
2006 Bahrain International Circuit Fernando Alonso
97%
2010 Bahrain International Circuit Fernando Alonso
97%
2022 Bahrain International Circuit Charles Leclerc
96%
2004 Bahrain International Circuit Michael Schumacher
96%
2009 Bahrain International Circuit Jenson Button
95%
2016 Bahrain International Circuit Nico Rosberg
95%
2007 Bahrain International Circuit Felipe Massa
86%
2008 Bahrain International Circuit Felipe Massa
86%
No matching quizzes found
Score Distribution
Percent of People with Each Score
Percentile by Number Answered
Your Score History
You have not taken this quiz since the last reset